Data-driven science and engineering : machine learning, dynamical systems, and control (Record no. 12348)

000 -LEADER
fixed length control field 01338nam a22002057a 4500
008 - FIXED-LENGTH DATA ELEMENTS--GENERAL INFORMATION
fixed length control field 230427b 2022 ||||| |||| 00| 0 eng d
020 ## - INTERNATIONAL STANDARD BOOK NUMBER
International Standard Book Number 9781009098489
082 ## - DEWEY DECIMAL CLASSIFICATION NUMBER
Classification number 620.0028
Item number BRU
100 ## - MAIN ENTRY--PERSONAL NAME
Personal name Brunton, Steven
245 ## - TITLE STATEMENT
Title Data-driven science and engineering : machine learning, dynamical systems, and control
250 ## - EDITION STATEMENT
Edition statement 2nd ed.
260 ## - PUBLICATION, DISTRIBUTION, ETC. (IMPRINT)
Place of publication, distribution, etc UK
Name of publisher, distributor, etc CAMBRIDGE UNIVERSITY PRESS
Date of publication, distribution, etc 2022
300 ## - PHYSICAL DESCRIPTION
Extent xxiv, 590p.
520 ## - SUMMARY, ETC.
Summary, etc Data-driven discovery is revolutionizing the modelling, prediction, and control of complex systems. This textbook brings together machine learning, engineering mathematics, and mathematical physics to integrate modelling and control of dynamical systems with modern methods in data science. It highlights many of the recent advances in scientific computing that enable data-driven methods to be applied to a diverse range of complex systems, such as turbulence, the brain, climate, epidemiology, finance, robotics, and autonomy. Aimed at advanced undergraduate and beginning graduate students in the engineering and physical sciences, the text presents a range of topics and methods from introductory to state of the art.
650 ## - SUBJECT ADDED ENTRY--TOPICAL TERM
Topical term or geographic name as entry element Sparsity and compressed sensing
650 ## - SUBJECT ADDED ENTRY--TOPICAL TERM
Topical term or geographic name as entry element Reinforcement Learning
650 ## - SUBJECT ADDED ENTRY--TOPICAL TERM
Topical term or geographic name as entry element Linear Control Theory
700 ## - ADDED ENTRY--PERSONAL NAME
Personal name Kutz, J. Nathan
Relator term Co-author
942 ## - ADDED ENTRY ELEMENTS (KOHA)
Item type Books
Holdings
Withdrawn status Lost status Source of classification or shelving scheme Damaged status Not for loan Collection code Permanent location Current location Shelving location Date acquired Total Checkouts Full call number Barcode Date last seen Date last borrowed Koha item type Public note
          Non-fiction IMU-MPC Library IMU-MPC Library General Stacks 2023-04-27 1 620.0028 BRU MPC6651 2025-03-17 2024-08-02 Books Column - 24
Copyright © 2021 Indian Maritime University, Mumbai Port Campus. All Rights Reserved. Managed & Maintained by Central Library, IMU-Mumbai

webs counters

Powered by Koha